[Event "U14 Polish Youth Championship"]
[Site "chess24.com"]
[Date "2018.05.04"]
[Round "8"]
[White "Turski, Bartlomiej"]
[Black "Fiedorek, Michal"]
[Result "1/2-1/2"]
[Board "5"]
[WhiteElo "1830"]
[WhiteCountry "POL"]
[WhiteFideId "21810567"]
[WhiteEloChange "6"]
[BlackElo "2081"]
[BlackCountry "POL"]
[BlackFideId "1199528"]
[BlackEloChange "-6"]

1. e4 {[%clk 1:30:30]} c5 {[%clk 1:30:54]} 2. Nf3 {[%clk 1:30:49]} d6 {[%clk
1:31:19]} 3. d4 {[%clk 1:31:08]} cxd4 {[%clk 1:31:44]} 4. Nxd4 {[%clk 1:31:33]}
Nf6 {[%clk 1:32:09]} 5. Nc3 {[%clk 1:31:52]} Nc6 {[%clk 1:32:33]} 6. Bc4 {[%clk
1:30:28]} e6 {[%clk 1:32:53]} 7. Be3 {[%clk 1:30:27]} Be7 {[%clk 1:33:02]} 8. Qe2
{[%clk 1:30:10]} a6 {[%clk 1:33:06]} 9. O-O-O {[%clk 1:29:44]} Nxd4 {[%clk
1:33:21]} 10. Bxd4 {[%clk 1:29:38]} b5 {[%clk 1:33:41]} 11. Bb3 {[%clk 1:28:09]}
Bb7 {[%clk 1:33:39]} 12. f3 {[%clk 1:28:18]} O-O {[%clk 1:33:54]} 13. g4 {[%clk
1:27:31]} Nd7 {[%clk 1:33:27]} 14. h4 {[%clk 1:23:05]} b4 {[%clk 1:31:53]} 15.
Nb1 {[%clk 1:16:32]} a5 {[%clk 1:31:05]} 16. a4 {[%clk 1:15:28]} Qc7 {[%clk
1:20:47]} 17. Nd2 {[%clk 1:13:00]} Nc5 {[%clk 1:15:31]} 18. Bxc5 {[%clk 1:12:16]}
Qxc5 {[%clk 1:15:24]} 19. g5 {[%clk 1:11:02]} Ba6 {[%clk 1:11:32]} 20. Qg2 {[%clk
1:08:22]} Rac8 {[%clk 1:09:20]} 21. Kb1 {[%clk 1:08:21]} Qe3 {[%clk 0:48:57]} 22.
Rdg1 {[%clk 0:54:52]} Rc5 {[%clk 0:44:59]} 23. Re1 {[%clk 0:48:15]} Qf4 {[%clk
0:42:18]} 24. Qh2 {[%clk 0:45:18]} Qxh2 {[%clk 0:41:44]} 25. Rxh2 {[%clk
0:45:27]} Bb7 {[%clk 0:38:53]} 26. f4 {[%clk 0:40:41]} d5 {[%clk 0:32:33]} 27. e5
{[%clk 0:39:35]} Rc7 {[%clk 0:28:59]} 28. h5 {[%clk 0:38:51]} Bc5 {[%clk
0:28:35]} 29. Rh3 {[%clk 0:36:52]} Bb6 {[%clk 0:27:18]} 30. Nf3 {[%clk 0:35:18]}
Ba6 {[%clk 0:23:48]} 31. g6 {[%clk 0:31:37]} fxg6 {[%clk 0:15:23]} 32. Ng5 {[%clk
0:30:32]} Bc8 {[%clk 0:14:33]} 33. hxg6 {[%clk 0:30:01]} h6 {[%clk 0:14:19]} 34.
Nf7 {[%clk 0:29:38]} Rfxf7 {[%clk 0:12:03]} 35. gxf7+ {[%clk 0:29:41]} Rxf7
{[%clk 0:12:22]} 36. Rf3 {[%clk 0:26:29]} g6 {[%clk 0:09:55]} 37. c4 {[%clk
0:24:46]} bxc3 {[%clk 0:08:51]} 38. Rxc3 {[%clk 0:24:12]} Bd7 {[%clk 0:07:44]}
39. Rf1 {[%clk 0:22:31]} g5 {[%clk 0:06:58]} 40. Rcf3 {[%clk 0:13:59]} Rxf4
{[%clk 0:06:13]} 41. Rxf4 {[%clk 0:13:57]} gxf4 {[%clk 0:06:37]} 42. Rxf4 {[%clk
0:13:57]} Bc7 {[%clk 0:06:13]} 43. Rg4+ {[%clk 0:14:05]} Kf7 {[%clk 0:06:26]} 44.
Rf4+ {[%clk 0:14:02]} Kg7 {[%clk 0:06:01]} 45. Rg4+ {[%clk 0:13:43]} Kf7 {[%clk
0:06:15]} 46. Rh4 {[%clk 0:13:11]} Kg7 {[%clk 0:04:10]} 47. Rg4+ {[%clk 0:10:57]}
Kf7 {[%clk 0:04:29]} 48. Rh4 {[%clk 0:11:00]} Bxe5 {[%clk 0:03:48]} 49. Rxh6
{[%clk 0:11:13]} Ke7 {[%clk 0:03:28]} 50. Rh5 {[%clk 0:10:21]} Kd6 {[%clk
0:03:04]} 51. Bd1 {[%clk 0:09:14]} Bd4 {[%clk 0:02:29]} 52. b3 {[%clk 0:08:25]}
Bc5 {[%clk 0:02:42]} 53. Bg4 {[%clk 0:08:39]} Bb4 {[%clk 0:02:13]} 54. Kc2 {[%clk
0:08:47]} Be1 {[%clk 0:02:09]} 55. Rh6 {[%clk 0:08:11]} Bb4 {[%clk 0:02:01]} 56.
Kd3 {[%clk 0:08:14]} Bc5 {[%clk 0:02:09]} 57. Rh8 {[%clk 0:07:39]} Bb4 {[%clk
0:01:30]} 58. Ra8 {[%clk 0:07:36]} Be1 {[%clk 0:01:33]} 59. Ra6+ {[%clk 0:07:29]}
Ke5 {[%clk 0:01:25]} 60. Bh3 {[%clk 0:07:10]} Bb4 {[%clk 0:01:33]} 61. Bg4 {[%clk
0:06:45]} 1/2-1/2

[Event "U14 Polish Youth Championship"]
[Site "chess24.com"]
[Date "2018.05.04"]
[Round "8"]
[White "Poltorak, Sebastian"]
[Black "Grzesik, Gracjan"]
[Result "1/2-1/2"]
[Board "6"]
[WhiteElo "1705"]
[WhiteCountry "POL"]
[WhiteFideId "1199498"]
[WhiteEloChange "5"]
[BlackElo "1884"]
[BlackCountry "POL"]
[BlackFideId "1194593"]
[BlackEloChange "-5"]

1. d4 {[%clk 1:30:54]} d5 {[%clk 1:30:55]} 2. c4 {[%clk 1:31:21]} e6 {[%clk
1:31:22]} 3. Nc3 {[%clk 1:31:47]} Be7 {[%clk 1:31:48]} 4. cxd5 {[%clk 1:32:03]}
exd5 {[%clk 1:32:14]} 5. Bf4 {[%clk 1:31:52]} c6 {[%clk 1:32:37]} 6. Qc2 {[%clk
1:32:06]} Nf6 {[%clk 1:23:02]} 7. e3 {[%clk 1:32:04]} Nbd7 {[%clk 1:22:44]} 8.
Bd3 {[%clk 1:31:45]} O-O {[%clk 1:23:04]} 9. Nge2 {[%clk 1:31:22]} Re8 {[%clk
1:22:51]} 10. O-O {[%clk 1:31:35]} Nf8 {[%clk 1:19:09]} 11. h3 {[%clk 1:29:14]}
Ng6 {[%clk 1:17:28]} 12. Bh2 {[%clk 1:28:32]} Bd6 {[%clk 1:13:45]} 13. Bxd6
{[%clk 1:25:43]} Qxd6 {[%clk 1:14:14]} 14. Ng3 {[%clk 1:20:25]} Bd7 {[%clk
1:11:06]} 15. Na4 {[%clk 1:17:43]} b6 {[%clk 1:10:23]} 16. Rac1 {[%clk 1:18:03]}
Ne7 {[%clk 1:07:00]} 17. a3 {[%clk 1:08:11]} g6 {[%clk 1:03:14]} 18. Rfd1 {[%clk
1:04:24]} Rac8 {[%clk 1:00:38]} 19. b4 {[%clk 0:59:04]} Rc7 {[%clk 0:53:09]} 20.
Nc3 {[%clk 0:58:48]} c5 {[%clk 0:42:53]} 21. bxc5 {[%clk 0:55:08]} bxc5 {[%clk
0:43:17]} 22. dxc5 {[%clk 0:49:41]} Rxc5 {[%clk 0:38:31]} 23. a4 {[%clk 0:39:37]}
Rec8 {[%clk 0:37:43]} 24. Nge2 {[%clk 0:38:49]} Bf5 {[%clk 0:30:29]} 25. Qd2
{[%clk 0:34:47]} Bxd3 {[%clk 0:28:26]} 26. Qxd3 {[%clk 0:34:48]} Nf5 {[%clk
0:27:52]} 27. Nb5 {[%clk 0:26:12]} Qe7 {[%clk 0:22:56]} 28. Rxc5 {[%clk 0:25:37]}
Rxc5 {[%clk 0:23:12]} 29. Qb3 {[%clk 0:20:52]} Qb7 {[%clk 0:19:26]} 30. Qa3
{[%clk 0:15:12]} Qb6 {[%clk 0:15:45]} 1/2-1/2

[Event "U14 Polish Youth Championship"]
[Site "chess24.com"]
[Date "2018.05.04"]
[Round "8"]
[White "Czernek, Tymon"]
[Black "Paprocki, Stanislaw"]
[Result "1-0"]
[Board "7"]
[WhiteElo "2057"]
[WhiteCountry "POL"]
[WhiteFideId "1199510"]
[WhiteEloChange "3"]
[BlackElo "1748"]
[BlackCountry "POL"]
[BlackFideId "21817294"]
[BlackEloChange "-3"]

1. e4 {[%clk 1:30:58]} c5 {[%clk 1:30:51]} 2. Nf3 {[%clk 1:31:23]} d6 {[%clk
1:30:48]} 3. g3 {[%clk 1:31:49]} g6 {[%clk 1:29:56]} 4. Bg2 {[%clk 1:32:09]} Bg7
{[%clk 1:30:17]} 5. O-O {[%clk 1:32:31]} a6 {[%clk 1:29:39]} 6. c3 {[%clk
1:32:35]} Qc7 {[%clk 1:28:52]} 7. d4 {[%clk 1:32:52]} Nd7 {[%clk 1:28:40]} 8. Re1
{[%clk 1:32:21]} e6 {[%clk 1:17:33]} 9. Bf4 {[%clk 1:27:14]} e5 {[%clk 1:16:31]}
10. Be3 {[%clk 1:24:40]} Ngf6 {[%clk 1:15:24]} 11. h3 {[%clk 1:20:01]} O-O {[%clk
1:15:33]} 12. Nbd2 {[%clk 1:20:16]} b5 {[%clk 1:15:11]} 13. a4 {[%clk 1:18:19]}
Bb7 {[%clk 1:15:01]} 14. dxe5 {[%clk 1:10:56]} dxe5 {[%clk 1:13:31]} 15. Qc2
{[%clk 1:11:22]} Rfd8 {[%clk 1:11:52]} 16. b3 {[%clk 0:58:08]} Qc6 {[%clk
0:58:28]} 17. Bg5 {[%clk 0:49:20]} h6 {[%clk 0:56:18]} 18. Bxf6 {[%clk 0:49:44]}
Bxf6 {[%clk 0:56:13]} 19. Nf1 {[%clk 0:49:53]} Nb6 {[%clk 0:53:20]} 20. a5 {[%clk
0:44:09]} Nc8 {[%clk 0:53:22]} 21. Ne3 {[%clk 0:43:13]} Qe6 {[%clk 0:46:44]} 22.
c4 {[%clk 0:41:00]} b4 {[%clk 0:45:46]} 23. Nd5 {[%clk 0:40:59]} Rb8 {[%clk
0:39:03]} 24. Qc1 {[%clk 0:37:43]} Bg7 {[%clk 0:33:33]} 25. Qe3 {[%clk 0:37:53]}
Bf8 {[%clk 0:33:09]} 26. Rad1 {[%clk 0:33:57]} Ne7 {[%clk 0:30:10]} 27. Qxc5
{[%clk 0:31:23]} Nxd5 {[%clk 0:30:13]} 28. exd5 {[%clk 0:31:41]} Bxc5 {[%clk
0:30:41]} 29. dxe6 {[%clk 0:32:05]} f6 {[%clk 0:28:19]} 30. Rxd8+ {[%clk
0:15:41]} Rxd8 {[%clk 0:28:36]} 31. Nxe5 {[%clk 0:15:34]} Bxg2 {[%clk 0:24:11]}
32. Nd7 {[%clk 0:15:41]} Bd4 {[%clk 0:22:46]} 33. Kxg2 {[%clk 0:15:43]} 1-0

[Event "U14 Polish Youth Championship"]
[Site "chess24.com"]
[Date "2018.05.04"]
[Round "8"]
[White "Czechowski, Jakub"]
[Black "Niedbala, Bartlomiej"]
[Result "0-1"]
[Board "8"]
[WhiteElo "1770"]
[WhiteCountry "POL"]
[WhiteFideId "21820511"]
[WhiteEloChange "-5"]
[BlackElo "1956"]
[BlackCountry "POL"]
[BlackFideId "21834008"]
[BlackEloChange "5"]

1. d4 {[%clk 1:30:59]} Nf6 {[%clk 1:30:37]} 2. c4 {[%clk 1:31:28]} g6 {[%clk
1:30:41]} 3. Nc3 {[%clk 1:31:55]} Bg7 {[%clk 1:31:01]} 4. e4 {[%clk 1:32:19]} d6
{[%clk 1:31:24]} 5. f3 {[%clk 1:32:43]} O-O {[%clk 1:31:10]} 6. Be3 {[%clk
1:33:09]} Nc6 {[%clk 1:29:35]} 7. Qd2 {[%clk 1:33:31]} a6 {[%clk 1:29:46]} 8.
Nge2 {[%clk 1:30:12]} Rb8 {[%clk 1:26:50]} 9. Nc1 {[%clk 1:17:04]} e5 {[%clk
1:20:28]} 10. d5 {[%clk 1:13:53]} Nd4 {[%clk 1:20:03]} 11. N1e2 {[%clk 1:11:42]}
c5 {[%clk 1:17:46]} 12. dxc6 {[%clk 1:05:13]} bxc6 {[%clk 1:11:44]} 13. Nxd4
{[%clk 1:09:27]} exd4 {[%clk 1:12:12]} 14. Bxd4 {[%clk 1:09:56]} Re8 {[%clk
1:11:49]} 15. Be2 {[%clk 1:10:11]} d5 {[%clk 1:10:27]} 16. cxd5 {[%clk 1:01:18]}
cxd5 {[%clk 1:10:24]} 17. e5 {[%clk 1:00:49]} Nd7 {[%clk 1:09:25]} 18. f4 {[%clk
1:01:15]} f6 {[%clk 1:09:00]} 19. e6 {[%clk 1:00:03]} Nf8 {[%clk 1:04:38]} 20. e7
{[%clk 0:55:49]} Qxe7 {[%clk 1:01:11]} 21. O-O {[%clk 0:55:09]} Bf5 {[%clk
0:57:07]} 22. Bf3 {[%clk 0:52:23]} Be4 {[%clk 0:55:52]} 23. Rfe1 {[%clk 0:49:52]}
Qb7 {[%clk 0:56:07]} 24. Bd1 {[%clk 0:46:52]} Kh8 {[%clk 0:51:53]} 25. Bb3 {[%clk
0:43:08]} Rbd8 {[%clk 0:51:21]} 26. Ba4 {[%clk 0:34:50]} Re6 {[%clk 0:48:07]} 27.
Bb3 {[%clk 0:33:27]} Red6 {[%clk 0:44:55]} 28. Bc5 {[%clk 0:33:40]} R6d7 {[%clk
0:44:52]} 29. Ba4 {[%clk 0:34:03]} Ne6 {[%clk 0:39:40]} 30. Bxd7 {[%clk 0:33:50]}
Nxc5 {[%clk 0:40:00]} 31. Bg4 {[%clk 0:34:01]} f5 {[%clk 0:39:25]} 32. Bd1 {[%clk
0:31:47]} Nd3 {[%clk 0:35:27]} 33. Re2 {[%clk 0:30:20]} Bh6 {[%clk 0:34:50]} 34.
Nxe4 {[%clk 0:27:19]} dxe4 {[%clk 0:33:55]} 35. g3 {[%clk 0:23:28]} Bg7 {[%clk
0:33:58]} 36. h4 {[%clk 0:21:55]} Bxb2 {[%clk 0:33:34]} 37. Qa5 {[%clk 0:21:24]}
Rd7 {[%clk 0:24:53]} 38. Ba4 {[%clk 0:21:17]} Bxa1 {[%clk 0:23:48]} 39. Bxd7
{[%clk 0:21:43]} Qxd7 {[%clk 0:23:28]} 40. Qxa6 {[%clk 0:22:06]} Bd4+ {[%clk
0:23:10]} 41. Kg2 {[%clk 0:22:30]} Qd5 {[%clk 0:22:59]} 42. Kh2 {[%clk 0:22:44]}
Nf2 {[%clk 0:22:17]} 43. Qc8+ {[%clk 0:22:48]} Kg7 {[%clk 0:22:29]} 44. Qe8
{[%clk 0:22:57]} Ng4+ {[%clk 0:22:34]} 45. Kh3 {[%clk 0:23:26]} Bc5 {[%clk
0:22:23]} 46. h5 {[%clk 0:23:12]} e3 {[%clk 0:21:59]} 47. Rg2 {[%clk 0:23:38]}
Qd1 {[%clk 0:21:37]} 0-1

[Event "U14 Polish Youth Championship"]
[Site "chess24.com"]
[Date "2018.05.04"]
[Round "8"]
[White "Oleksy, Krzysztof"]
[Black "Dzida, Kamil"]
[Result "1-0"]
[Board "9"]
[WhiteElo "1746"]
[WhiteCountry "POL"]
[WhiteFideId "1194879"]
[WhiteEloChange "15"]
[BlackElo "1938"]
[BlackCountry "POL"]
[BlackFideId "21828652"]
[BlackEloChange "-15"]

1. d4 {[%clk 1:30:58]} Nf6 {[%clk 1:30:56]} 2. Nc3 {[%clk 1:31:24]} d5 {[%clk
1:31:21]} 3. Bf4 {[%clk 1:31:48]} c6 {[%clk 1:31:12]} 4. Nf3 {[%clk 1:31:18]} Bf5
{[%clk 1:31:10]} 5. e3 {[%clk 1:31:06]} e6 {[%clk 1:30:37]} 6. Ne5 {[%clk
1:30:52]} Nbd7 {[%clk 1:30:21]} 7. Bd3 {[%clk 1:27:38]} Nxe5 {[%clk 1:28:53]} 8.
Bxe5 {[%clk 1:25:37]} Bxd3 {[%clk 1:29:07]} 9. cxd3 {[%clk 1:24:26]} Nd7 {[%clk
1:27:02]} 10. Bg3 {[%clk 1:24:19]} Qb6 {[%clk 1:26:44]} 11. Qc2 {[%clk 1:17:43]}
Be7 {[%clk 1:24:52]} 12. O-O {[%clk 1:18:04]} O-O {[%clk 1:25:18]} 13. Rac1
{[%clk 1:17:31]} Rfc8 {[%clk 1:24:13]} 14. Na4 {[%clk 1:13:03]} Qd8 {[%clk
1:21:42]} 15. Nc5 {[%clk 1:09:37]} Nxc5 {[%clk 1:20:14]} 16. dxc5 {[%clk
1:10:01]} b6 {[%clk 1:18:46]} 17. b4 {[%clk 1:07:55]} b5 {[%clk 1:18:13]} 18. Ra1
{[%clk 1:04:37]} a5 {[%clk 1:16:32]} 19. a3 {[%clk 1:04:49]} Ra6 {[%clk 1:16:26]}
20. a4 {[%clk 0:51:23]} bxa4 {[%clk 1:12:07]} 21. Rxa4 {[%clk 0:50:55]} Raa8
{[%clk 1:10:19]} 22. d4 {[%clk 0:46:43]} g6 {[%clk 1:07:54]} 23. h3 {[%clk
0:46:24]} Ra7 {[%clk 1:05:02]} 24. Rb1 {[%clk 0:44:38]} Rca8 {[%clk 1:03:52]} 25.
Rba1 {[%clk 0:42:15]} Qc8 {[%clk 1:03:13]} 26. Rxa5 {[%clk 0:31:16]} Rxa5 {[%clk
1:02:59]} 27. Rxa5 {[%clk 0:31:19]} Bd8 {[%clk 1:03:22]} 28. Ra2 {[%clk 0:28:55]}
Qb7 {[%clk 1:02:21]} 29. Rxa8 {[%clk 0:24:47]} Qxa8 {[%clk 1:02:50]} 30. b5
{[%clk 0:24:50]} cxb5 {[%clk 1:03:12]} 31. c6 {[%clk 0:25:11]} Be7 {[%clk
1:02:52]} 32. c7 {[%clk 0:25:05]} Qc8 {[%clk 1:03:19]} 33. Qc6 {[%clk 0:24:40]}
b4 {[%clk 1:03:45]} 34. Qb6 {[%clk 0:24:41]} 1-0

[Event "U14 Polish Youth Championship"]
[Site "chess24.com"]
[Date "2018.05.04"]
[Round "8"]
[White "Kacprzak, Kacper"]
[Black "Oborski, Artur"]
[Result "0-1"]
[Board "10"]
[WhiteElo "1668"]
[WhiteCountry "POL"]
[WhiteFideId "21819319"]
[WhiteEloChange "-4"]
[BlackElo "1921"]
[BlackCountry "POL"]
[BlackFideId "21844810"]
[BlackEloChange "4"]

1. e4 {[%clk 1:30:35]} c5 {[%clk 1:30:52]} 2. Nf3 {[%clk 1:30:18]} d6 {[%clk
1:31:13]} 3. d4 {[%clk 1:30:34]} cxd4 {[%clk 1:31:35]} 4. Nxd4 {[%clk 1:31:00]}
Nf6 {[%clk 1:31:53]} 5. Nc3 {[%clk 1:30:08]} Nc6 {[%clk 1:32:14]} 6. Be2 {[%clk
1:28:38]} e5 {[%clk 1:32:32]} 7. Nb3 {[%clk 1:29:00]} Be7 {[%clk 1:32:55]} 8. Be3
{[%clk 1:28:57]} O-O {[%clk 1:33:13]} 9. O-O {[%clk 1:29:06]} a5 {[%clk 1:33:34]}
10. Qd2 {[%clk 1:25:29]} a4 {[%clk 1:31:28]} 11. Nc1 {[%clk 1:25:40]} Be6 {[%clk
1:29:34]} 12. f3 {[%clk 1:25:46]} Qa5 {[%clk 1:22:55]} 13. Rd1 {[%clk 1:22:32]}
Rfd8 {[%clk 1:09:48]} 14. Nd5 {[%clk 1:22:06]} Bxd5 {[%clk 1:08:45]} 15. exd5
{[%clk 1:22:31]} Qxd2 {[%clk 1:08:31]} 16. Rxd2 {[%clk 1:22:51]} Nb4 {[%clk
1:08:01]} 17. c4 {[%clk 1:22:56]} Nd7 {[%clk 1:06:47]} 18. Nd3 {[%clk 1:19:02]}
Nxd3 {[%clk 1:05:56]} 19. Bxd3 {[%clk 1:19:25]} g6 {[%clk 1:04:56]} 20. g4 {[%clk
1:18:28]} Rdc8 {[%clk 1:04:40]} 21. Rdd1 {[%clk 1:15:42]} Bd8 {[%clk 1:04:30]}
22. b3 {[%clk 1:14:38]} Bb6 {[%clk 1:04:10]} 23. Bxb6 {[%clk 1:10:12]} Nxb6
{[%clk 1:04:21]} 24. Kf2 {[%clk 1:09:35]} Kf8 {[%clk 0:56:41]} 25. h4 {[%clk
1:08:56]} Ke7 {[%clk 0:54:51]} 26. Ke3 {[%clk 1:08:29]} Nd7 {[%clk 0:53:09]} 27.
Rdc1 {[%clk 1:06:07]} Nc5 {[%clk 0:47:00]} 28. Bc2 {[%clk 1:04:12]} Na6 {[%clk
0:40:26]} 29. Bd1 {[%clk 1:02:26]} Nc5 {[%clk 0:32:20]} 30. b4 {[%clk 0:59:15]}
Nd7 {[%clk 0:32:07]} 31. Be2 {[%clk 0:58:18]} Nb6 {[%clk 0:29:27]} 32. Bd3 {[%clk
0:55:09]} Rf8 {[%clk 0:23:58]} 33. g5 {[%clk 0:54:22]} f5 {[%clk 0:22:19]} 34. a3
{[%clk 0:48:52]} Rac8 {[%clk 0:21:06]} 35. Rc2 {[%clk 0:47:07]} Rh8 {[%clk
0:20:11]} 36. f4 {[%clk 0:44:40]} e4 {[%clk 0:20:01]} 37. Bf1 {[%clk 0:40:43]}
Nxd5+ {[%clk 0:20:11]} 38. cxd5 {[%clk 0:40:38]} Rxc2 {[%clk 0:20:35]} 39. Bb5
{[%clk 0:41:04]} Rhc8 {[%clk 0:20:30]} 40. Kd4 {[%clk 0:40:43]} R8c3 {[%clk
0:20:09]} 41. h5 {[%clk 0:40:59]} Rh3 {[%clk 0:19:14]} 42. hxg6 {[%clk 0:41:19]}
hxg6 {[%clk 0:19:38]} 43. Bc4 {[%clk 0:41:35]} Rd2+ {[%clk 0:19:52]} 0-1

[Event "U14 Polish Youth Championship"]
[Site "chess24.com"]
[Date "2018.05.04"]
[Round "8"]
[White "Panek, Bartosz"]
[Black "Bachor, Tomasz"]
[Result "1-0"]
[Board "11"]
[WhiteElo "1688"]
[WhiteCountry "POL"]
[WhiteFideId "1198220"]
[WhiteEloChange "16"]
[BlackElo "1953"]
[BlackCountry "POL"]
[BlackFideId "21814694"]
[BlackEloChange "-16"]

1. d4 {[%clk 1:31:20]} Nf6 {[%clk 1:30:49]} 2. c4 {[%clk 1:31:44]} g6 {[%clk
1:31:10]} 3. Nc3 {[%clk 1:32:06]} Bg7 {[%clk 1:31:16]} 4. e4 {[%clk 1:32:31]} d6
{[%clk 1:30:49]} 5. Be2 {[%clk 1:32:55]} O-O {[%clk 1:30:00]} 6. Bg5 {[%clk
1:33:00]} Nbd7 {[%clk 1:27:46]} 7. Qd2 {[%clk 1:33:04]} c5 {[%clk 1:25:30]} 8. d5
{[%clk 1:33:18]} a6 {[%clk 1:24:52]} 9. Bh6 {[%clk 1:31:55]} Rb8 {[%clk 1:19:57]}
10. Bxg7 {[%clk 1:32:12]} Kxg7 {[%clk 1:20:22]} 11. f3 {[%clk 1:32:05]} Qa5
{[%clk 1:18:06]} 12. a4 {[%clk 1:28:22]} h5 {[%clk 1:12:23]} 13. Nh3 {[%clk
1:28:21]} Ne5 {[%clk 1:09:05]} 14. Nf2 {[%clk 1:26:16]} Bd7 {[%clk 0:51:32]} 15.
f4 {[%clk 1:16:48]} Neg4 {[%clk 0:51:11]} 16. Nxg4 {[%clk 1:16:59]} Bxg4 {[%clk
0:48:26]} 17. Bxg4 {[%clk 1:16:48]} Nxg4 {[%clk 0:42:14]} 18. O-O {[%clk
1:10:03]} Qc7 {[%clk 0:38:43]} 19. Qe2 {[%clk 1:08:55]} Rbe8 {[%clk 0:35:55]} 20.
Qf3 {[%clk 1:03:52]} f5 {[%clk 0:30:51]} 21. h3 {[%clk 1:01:38]} Nh6 {[%clk
0:27:55]} 22. Rae1 {[%clk 1:00:12]} e5 {[%clk 0:26:01]} 23. exf5 {[%clk 0:53:07]}
Nxf5 {[%clk 0:24:23]} 24. fxe5 {[%clk 0:51:22]} dxe5 {[%clk 0:18:42]} 25. Ne4
{[%clk 0:50:35]} Nd4 {[%clk 0:16:28]} 26. Qd3 {[%clk 0:48:02]} Rf4 {[%clk
0:15:46]} 27. Ng5 {[%clk 0:46:22]} Qd8 {[%clk 0:13:18]} 28. Ne4 {[%clk 0:45:04]}
Ref8 {[%clk 0:10:45]} 29. Rxf4 {[%clk 0:36:20]} Rxf4 {[%clk 0:11:04]} 30. Kh1
{[%clk 0:30:01]} Qh4 {[%clk 0:09:44]} 31. Re3 {[%clk 0:15:44]} Nf5 {[%clk
0:09:01]} 32. Nxc5 {[%clk 0:10:18]} Nxe3 {[%clk 0:07:59]} 33. Qxe3 {[%clk
0:10:19]} Rf1+ {[%clk 0:06:55]} 34. Kh2 {[%clk 0:10:24]} Re1 {[%clk 0:02:31]} 35.
Qf3 {[%clk 0:09:32]} Qe7 {[%clk 0:02:04]} 36. Ne6+ {[%clk 0:09:25]} Kh7 {[%clk
0:01:33]} 37. c5 {[%clk 0:09:17]} h4 {[%clk 0:00:59]} 38. Qg4 {[%clk 0:06:30]} e4
{[%clk 0:00:52]} 39. d6 {[%clk 0:04:10]} Qf6 {[%clk 0:00:50]} 40. d7 {[%clk
0:04:31]} Qe5+ {[%clk 0:00:39]} 41. Nf4 {[%clk 0:04:33]} Qf6 {[%clk 0:00:46]} 42.
Nxg6 {[%clk 0:01:41]} e3 {[%clk 0:00:34]} 43. Qh5+ {[%clk 0:01:35]} Kg8 {[%clk
0:00:49]} 44. Qh8+ {[%clk 0:01:55]} 1-0

[Event "U14 Polish Youth Championship"]
[Site "chess24.com"]
[Date "2018.05.04"]
[Round "8"]
[White "Szydlo, Michal"]
[Black "Suder, Jakub"]
[Result "0-1"]
[Board "12"]
[WhiteElo "1673"]
[WhiteCountry "POL"]
[WhiteFideId "21810540"]
[WhiteEloChange "-4"]
[BlackElo "1895"]
[BlackCountry "POL"]
[BlackFideId "1195310"]
[BlackEloChange "4"]

1. e4 {[%clk 1:31:00]} c5 {[%clk 1:30:49]} 2. Nf3 {[%clk 1:31:20]} e6 {[%clk
1:31:10]} 3. d3 {[%clk 1:31:41]} Nc6 {[%clk 1:29:34]} 4. g3 {[%clk 1:31:56]} d5
{[%clk 1:29:42]} 5. Nbd2 {[%clk 1:31:51]} Nge7 {[%clk 1:28:33]} 6. Bg2 {[%clk
1:31:26]} g6 {[%clk 1:28:32]} 7. O-O {[%clk 1:31:16]} Bg7 {[%clk 1:28:56]} 8. Re1
{[%clk 1:26:24]} O-O {[%clk 1:29:00]} 9. c3 {[%clk 1:23:07]} b6 {[%clk 1:24:46]}
10. Qe2 {[%clk 1:18:14]} Ba6 {[%clk 1:22:33]} 11. e5 {[%clk 1:18:06]} Rc8 {[%clk
1:18:26]} 12. Nf1 {[%clk 1:17:24]} b5 {[%clk 1:16:44]} 13. Bf4 {[%clk 1:15:04]}
b4 {[%clk 1:15:07]} 14. g4 {[%clk 1:09:37]} Qa5 {[%clk 1:13:00]} 15. c4 {[%clk
1:09:19]} dxc4 {[%clk 1:10:08]} 16. dxc4 {[%clk 1:09:40]} Nd5 {[%clk 1:06:35]}
17. Bg3 {[%clk 1:07:11]} Nb6 {[%clk 1:02:49]} 18. b3 {[%clk 1:05:03]} Nd5 {[%clk
1:03:07]} 19. Qc2 {[%clk 1:04:40]} Nc3 {[%clk 0:59:10]} 20. g5 {[%clk 0:59:08]}
Rfd8 {[%clk 0:57:07]} 21. N1d2 {[%clk 0:55:55]} Bb7 {[%clk 0:50:28]} 22. Ne4
{[%clk 0:38:40]} Nxe4 {[%clk 0:50:39]} 23. Rxe4 {[%clk 0:35:50]} Nd4 {[%clk
0:48:17]} 24. Nxd4 {[%clk 0:23:38]} Bxe4 {[%clk 0:48:15]} 25. Bxe4 {[%clk
0:22:50]} Rxd4 {[%clk 0:48:30]} 26. Bf4 {[%clk 0:19:53]} Qc7 {[%clk 0:45:44]} 27.
Be3 {[%clk 0:19:13]} Qxe5 {[%clk 0:43:36]} 28. Bxd4 {[%clk 0:19:11]} Qxg5+ {[%clk
0:43:14]} 29. Bg2 {[%clk 0:17:09]} cxd4 {[%clk 0:42:02]} 30. Rd1 {[%clk 0:13:54]}
f5 {[%clk 0:37:39]} 31. c5 {[%clk 0:13:49]} f4 {[%clk 0:34:25]} 32. Qe4 {[%clk
0:13:40]} Qf5 {[%clk 0:30:06]} 33. Qxf5 {[%clk 0:12:46]} gxf5 {[%clk 0:30:16]}
34. c6 {[%clk 0:12:05]} e5 {[%clk 0:28:11]} 35. Bd5+ {[%clk 0:12:11]} Kf8 {[%clk
0:28:17]} 36. Be6 {[%clk 0:11:28]} Rxc6 {[%clk 0:28:16]} 37. Bxf5 {[%clk
0:11:54]} h6 {[%clk 0:27:59]} 38. f3 {[%clk 0:11:50]} Ke7 {[%clk 0:27:06]} 39.
Rd2 {[%clk 0:11:29]} a5 {[%clk 0:25:38]} 40. Kg2 {[%clk 0:11:43]} Bf6 {[%clk
0:25:48]} 41. Rc2 {[%clk 0:10:01]} Rc3 {[%clk 0:25:19]} 42. Rd2 {[%clk 0:09:43]}
Kd6 {[%clk 0:25:18]} 43. Bd3 {[%clk 0:08:54]} Bh4 {[%clk 0:24:23]} 44. Kh3 {[%clk
0:07:57]} Bf2 {[%clk 0:23:11]} 45. Kg4 {[%clk 0:08:11]} Be3 {[%clk 0:20:31]} 46.
Rd1 {[%clk 0:08:36]} Rc8 {[%clk 0:20:28]} 47. Kh3 {[%clk 0:08:20]} Rc3 {[%clk
0:19:37]} 48. Kg4 {[%clk 0:08:45]} a4 {[%clk 0:19:53]} 49. bxa4 {[%clk 0:09:09]}
Ra3 {[%clk 0:20:05]} 50. Bc4 {[%clk 0:09:37]} Rxa4 {[%clk 0:20:06]} 51. Kf5
{[%clk 0:09:51]} Ra5 {[%clk 0:19:44]} 52. h3 {[%clk 0:09:08]} Rc5 {[%clk
0:20:03]} 53. Bb3 {[%clk 0:08:28]} Rc3 {[%clk 0:19:58]} 54. Ke4 {[%clk 0:08:45]}
Bf2 {[%clk 0:19:53]} 55. Rd3 {[%clk 0:09:11]} Rc5 {[%clk 0:18:31]} 56. Rd1 {[%clk
0:09:28]} Be3 {[%clk 0:18:20]} 57. Rd3 {[%clk 0:09:38]} Rc7 {[%clk 0:18:43]} 58.
Rd1 {[%clk 0:09:57]} Rg7 {[%clk 0:19:04]} 59. Bc2 {[%clk 0:09:08]} Rg2 {[%clk
0:18:33]} 60. Bd3 {[%clk 0:09:13]} Rxa2 {[%clk 0:18:08]} 61. Bc4 {[%clk 0:08:09]}
Rc2 {[%clk 0:15:52]} 62. Bd3 {[%clk 0:08:06]} Rc3 {[%clk 0:15:10]} 63. Ra1 {[%clk
0:07:48]} Ra3 {[%clk 0:15:24]} 64. Rb1 {[%clk 0:05:39]} Kc5 {[%clk 0:15:23]} 65.
Bc2 {[%clk 0:05:12]} Kc4 {[%clk 0:15:30]} 0-1